| 000 | 01097nam a2200277 a 4500 | ||
|---|---|---|---|
| 005 | 20160428170032.0 | ||
| 008 | 160210s2015 ck d gr 00110 spa d | ||
| 020 | _a9789588901053 | ||
| 040 |
_aCO-BoBLA _cCO-BoBLA _dCO-BoIAVH |
||
| 041 | 0 | _aspa | |
| 044 | _ack | ||
| 082 | 0 | 4 |
_a639.9 _bG15p |
| 100 | 1 | _aGaleano, Gloria. | |
| 245 | 1 | 0 |
_aPlan de conservación, manejo y uso sostenible de las palmas de Colombia / _cGloria Galeano, Rodrigo Bernal, Yisela Figueroa Cardozo. |
| 260 |
_aBogotá : _bMinisterio de Ambiente : _bUniversidad Nacional de Colombia. Facultad de Ciencias Naturales, _c2015. |
||
| 300 |
_a16 páginas : _btablas ; _c17 x 29 centímetros |
||
| 650 | 1 | 4 |
_aPalmas _xVariedades _zColombia |
| 650 | 2 | 4 |
_aPalmas _xVariedades _zAmérica Latina |
| 650 | 2 | 4 |
_aPalmas _xAspectos ambientales |
| 650 | 2 | 4 |
_aPalmas _xUso _zColombia |
| 650 | 2 | 4 |
_aPalmas _xConservación |
| 700 | 1 | _aBernal, Rodrigo. | |
| 700 | 1 | _aFigueroa Cardozo, Yisela. | |
| 942 |
_2ddc _cLIBRO |
||
| 949 |
_ac _bc |
||
| 999 |
_c18368 _d18368 |
||